Perspectivas para el desarrollo y la integración dela agricultura en Centroamérica: Marco cuantitativo /
Principales alternativas de desarrollo agrícola dentro del contexto de la integración económica centroamericana y políticas inherentes, considera el papel de la agricultura en el logro de objetivos sociales, tales como distribución más equitativa del ingreso, mejora de las condiciones de vida y part...
Guardado en:
| Autor Corporativo: | |
|---|---|
| Formato: | Texto |
| Lenguaje: | Spanish |
| Publicado: |
Guatemala:
SIECA ;
1974
|
| Materias: | |
| Etiquetas: |
Agregar Etiqueta
Sin Etiquetas, Sea el primero en etiquetar este registro!
|
MARC
| LEADER | 00000 a a2200000 04500 | ||
|---|---|---|---|
| 001 | 19903 | ||
| 003 | cru IIS | ||
| 005 | 20220104114206.0 | ||
| 008 | 220104b1974 gt ||||| |||| 00| 0 spa d | ||
| 020 | |a [sin ISBN] | ||
| 040 | |a Centro de Recursos para el Aprendizaje y la Investigación |b español |c cru IIS | ||
| 090 | |a 07.01.01 G892p t2 | ||
| 110 | |a FAO. Grupo Asesor para la Integración Económica Centroamericana | ||
| 245 | |a Perspectivas para el desarrollo y la integración dela agricultura en Centroamérica: |b Marco cuantitativo / |c FAO | ||
| 260 | |a Guatemala: |b SIECA ; |c 1974 | ||
| 300 | |a 287 p.; v. 2 | ||
| 500 | |a Colección Centroamérica | ||
| 520 | |a Principales alternativas de desarrollo agrícola dentro del contexto de la integración económica centroamericana y políticas inherentes, considera el papel de la agricultura en el logro de objetivos sociales, tales como distribución más equitativa del ingreso, mejora de las condiciones de vida y participación del campesinado en el desarrollo económico y social. Incluye: diagnóstico de la agricultura centroamericana, referido a los obstáculos que frenan su desarrollo, perspectivas y requerimientos para el desarrollo e integración de la agricultura en el periodo 1970-1990 y del desarrollo forestal, pesquero y agroindustrial. Expone la metodología utilizada y cuadros númericos sobre población, ingreso, producción agrícola, empleo y otros./ACM | ||
| 650 | |a CUADROS ESTADISTICOS |0 TESAUROS | ||
| 650 | |a ESTADISTICAS AGRICOLAS |0 TESAUROS | ||
| 650 | |a PUB. SIECA |0 TESAUROS | ||
| 852 | 1 | 1 | |a 07.01.01 G892p t2 |
| 942 | |2 ddc |c LI |h 07.01.01 G892p t2 |k 07.01.01 |m G892p t2 |6 070101_G892P_T2 | ||
| 999 | |c 2488 |d 2488 | ||
